| 000 -LEADER |
| fixed length control field |
01261nam a22001577a 4500 |
| 008 - FIXED-LENGTH DATA ELEMENTS--GENERAL INFORMATION |
| fixed length control field |
211218b ||||| |||| 00| 0 eng d |
| 100 ## - MAIN ENTRY--PERSONAL NAME |
| Personal name |
Benzell, Seth G. and Cooke, Kevin |
| 245 ## - TITLE STATEMENT |
| Title |
A network of thrones: Kinship and conflict in Europe, 1495–1918 |
| 260 ## - PUBLICATION, DISTRIBUTION, ETC. (IMPRINT) |
| Place of publication, distribution, etc |
American Economic Journal: Applied Economics |
| 300 ## - PHYSICAL DESCRIPTION |
| Extent |
13(3), Jul, 2021: p.102-133 |
| 520 ## - SUMMARY, ETC. |
| Summary, etc |
Authors construct a database linking European royal kinship networks, monarchies, and wars to study the effect of family ties on conflict. To establish causality, we exploit decreases in connection caused by apolitical deaths of rulers' mutual relatives. These deaths are associated with substantial increases in the frequency and duration of war. We provide evidence that these deaths affect conflict only through changing the kinship network. Over our period of interest, the percentage of European monarchs with kinship ties increased threefold. Together, these findings help explain the well-documented decrease in European war frequency. – Reproduced |
| 650 ## - SUBJECT ADDED ENTRY--TOPICAL TERM |
| Topical term or geographic name as entry element |
Conflict, Death Shock, Early Modern Europe, Habsburg, Kinship, Networks, Marriage, War, Genealogy |
| 9 (RLIN) |
31146 |
| 773 ## - HOST ITEM ENTRY |
| Main entry heading |
American Economic Journal: Applied Economics |
| 906 ## - LOCAL DATA ELEMENT F, LDF (RLIN) |
| Subject DIP |
CONFLICTS |
| 942 ## - ADDED ENTRY ELEMENTS (KOHA) |
| Item type |
Articles |